01056cam a22003135a 450000100100000000500170001000800410002701000130006802000150008102000180009604000320011408200210014610000190016724500540018625000120024026000430025230000330029550000250032850400510035365000370040465000370044165000410047865100100051965300250052969000440055494200080059899900170060695201190062300784111220171216154925.0040304t1997 nyua frb 001 0 eng d a97008176 a0831131462 a9780831131463 aDLCbengcDLCdUkdEG-ScBUE04a658.202bMOU2221 aMoubray, John.10aReliability-centered maintenance /cJohn Moubray. a2nd ed. aNew York :bIndustrial Press,cc.1997. axv, 426 p. :bill. ;c24 cm. aPrevious ed. : 1992. aIncludes bibliographical references and index. 7aPlant maintenance.2BUEsh939245 7aReliability (Engineering)2BUEsh 7aMaintainability (Engineering)2BUEsh 2BUEsh bBUSADMcDecember20177 aManagement and Business Studies2blcoll 2ddc c25710d25682 00102ddc4070aMAINbMAINc1STd2017-12-16ePurchaseg467.00l0o658.202 MOUp000042653r2025-07-15 00:00:00yBB